000 00429nam a2200169Ia 4500
008 221030s9999 xx 000 0 und d
020 _a8178083337
041 _aEnglish
082 _a105.23
_bLud
100 _aR. Ludwig
245 0 _aRF Circuit Design - Theory & Applications
_cby R. Ludwig, P. Bretchk
260 _bAddison Wesley
_aNew Delhi
_c2001
300 _a641
650 _aECE
700 _aP. Bretchk
942 _cBK
999 _c7597
_d7597